Aquel por el que llega el escándalo
Uloženo v:
| Hlavní autor: | |
|---|---|
| Médium: | Kniha |
| Jazyk: | španělština |
| Vydáno: |
Madrid
Caparrós
2006
|
| Edice: | Colección Esprit, 53
|
| Témata: | |
| Tagy: |
Přidat tag
Žádné tagy, Buďte první, kdo vytvoří štítek k tomuto záznamu!
|
MARC
| LEADER | 00000nam a2200000 a 4500 | ||
|---|---|---|---|
| 001 | UCI9397 | ||
| 003 | CL-VaPUC | ||
| 008 | 081113e20060000SP |||||||||||||||||spa|d | ||
| 020 | |a 9788496282094 | ||
| 082 | 0 | 4 | |a 128 |b GIR |2 21 |
| 100 | |a Girard, René |e author |9 592269 | ||
| 245 | 1 | 0 | |a Aquel por el que llega el escándalo |
| 300 | |a 172 p | ||
| 942 | |c BK | ||
| 945 | |d 20081113 00:00:00 |a cmena | ||
| 260 | |a Madrid |b Caparrós |c 2006 | ||
| 650 | 0 | |a Antropología filosófica |9 265842 | |
| 650 | 7 | |a ETNOCENTRISMO |2 CL-VaPUC |9 349406 | |
| 650 | 0 | |a Naturaleza humana |9 308593 | |
| 650 | 0 | |a Filosofía de la religión |9 256017 | |
| 650 | 0 | |a Evangelios |9 314864 | |
| 650 | 0 | |a Violencia |9 255411 | |
| 583 | |a last modification |c 20081113 00:00:00 |k Rodrigo Vera | ||
| 490 | 0 | |a Colección Esprit, 53 | |
| 999 | |c 331943 |d 331941 | ||
| 952 | |0 0 |1 0 |4 0 |6 128_000000000000000_GIR_2006 |7 0 |8 A |9 419187 |a BIBEDU |b BIBEDU |d 2019-11-22 |i 4496973 |o 128 GIR 2006 |p 4496973 |r 2019-11-22 |w 2019-11-22 |y BK |k FIL | ||